000 00472nam a2200181Ia 4500
001 686
005 20260306140536.0
008 260306t1947||||xx |||||||||||||| ||spa||
041 _aESP
082 _a129.42
_bM26
100 _aMaritain, Jacques
_eAUT
245 0 _aHumanismo integral :
_bProblemas temporales y espirituales de una nueva cristiandad
260 _c1947
300 _a329 páginas :
_c22 cm.
650 _aGEN
654 _aCHU
942 _cLIB
_dJUS
_fJUS
_2ddc
_n
999 _c686
_d686